Sports Quiz

Random Sports or College Quiz

Ranks of Teams by Titles - College Wrestling Quiz Stats

 Plays Quiz not verified by Sporcle

Challenge
Share
Tweet
Embed
Score 0/10 Timer 10:00
0 Plays Today
Hint Answer % Correct
23Iowa
98.3%
7Oklahoma
95.7%
4Penn St.
91%
34Oklahoma St.
90.6%
8Iowa St.
83.7%
3Minnesota
76.8%
1Cornell
60.1%
1Arizona St.
51.5%
1Michigan St.
50.2%
1Northern Iowa
32.6%

You're not logged in!

Compare scores with friends on all Sporcle quizzes.
OR
Log In

You Might Also Like...

Show Comments

Extras

Top Quizzes Today


Score Distribution

Your Account Isn't Verified!

In order to create a playlist on Sporcle, you need to verify the email address you used during registration. Go to your Sporcle Settings to finish the process.

Report this User

Report this user for behavior that violates our Community Guidelines.

Details: